[Event "40th ECC Open 2025"]
[Site "Rhodes GRE"]
[Date "2025.10.19"]
[Round "1.1"]
[White "Gijswijt, Bart"]
[Black "Mamedyarov, Shakhriyar"]
[Result "0-1"]
[WhiteTitle "FM"]
[BlackTitle "GM"]
[WhiteElo "2295"]
[BlackElo "2742"]
[WhiteTeam "HWP Haarlem"]
[BlackTeam "BayeganPendik chess sports"]
[WhiteFideId "1009435"]
[BlackFideId "13401319"]
[EventDate "2025.10.19"]
[EventType "team"]

1. d4 Nf6 2. c4 e6 3. Nf3 d5 4. Nc3 dxc4 5. e4 b5 6. e5 Nd5 7. Nxb5 Nb6 8. Be3
Nc6 9. Be2 Bb7 10. O-O Be7 11. Rc1 O-O 12. Qd2 Qd7 13. Nc3 Nb4 14. Rfd1 Rab8 15.
a3 N4d5 16. Bg5 Nxc3 17. bxc3 Na4 18. Bxe7 Qxe7 19. Qg5 Qxa3 20. Bxc4 Bxf3 21.
gxf3 Nb2 22. Ra1 Qxc3 23. Rdc1 Qxd4 24. Bf1 Rb3 25. Rxc7 Nd3 0-1

[Event "40th ECC Open 2025"]
[Site "Rhodes GRE"]
[Date "2025.10.19"]
[Round "1.2"]
[White "Rapport, Richard"]
[Black "Tondivar, Babak"]
[Result "1-0"]
[WhiteTitle "GM"]
[BlackTitle "FM"]
[WhiteElo "2724"]
[BlackElo "2321"]
[WhiteTeam "BayeganPendik chess sports"]
[BlackTeam "HWP Haarlem"]
[WhiteFideId "738590"]
[BlackFideId "12501239"]
[EventDate "2025.10.19"]
[EventType "team"]

1. e4 e6 2. Nc3 d5 3. Nf3 Nf6 4. e5 Nfd7 5. d4 c5 6. Ne2 cxd4 7. Nexd4 Qb6 8.
Bb5 Nc6 9. O-O Nxd4 10. Nxd4 Bc5 11. Bxd7+ Bxd7 12. Nb3 Bb5 13. Nxc5 Qxc5 14.
Re1 O-O 15. Be3 Qc4 16. a4 Ba6 17. b3 Qh4 18. Bd4 Rfc8 19. Re3 Rc7 20. c3 Rac8
21. b4 b5 22. a5 Rc4 23. Rh3 Qe4 24. Qd2 R8c7 25. Re1 Qf5 26. Rg3 Qh5 27. Qf4
Kf8 28. Rg5 Qh6 29. h4 Kg8 30. Re3 Bc8 31. Rxg7+ 1-0

[Event "40th ECC Open 2025"]
[Site "Rhodes GRE"]
[Date "2025.10.19"]
[Round "1.3"]
[White "Duijn, Richard"]
[Black "Alekseenko, Kirill"]
[Result "1/2-1/2"]
[WhiteTitle "FM"]
[BlackTitle "GM"]
[WhiteElo "2179"]
[BlackElo "2679"]
[WhiteTeam "HWP Haarlem"]
[BlackTeam "BayeganPendik chess sports"]
[WhiteFideId "1003771"]
[BlackFideId "4135539"]
[EventDate "2025.10.19"]
[EventType "team"]

1. b3 d5 2. Bb2 Bf5 3. d3 Nc6 4. Nd2 d4 5. Ngf3 e5 6. a3 f6 7. b4 Qd7 8. e4 dxe3
9. fxe3 a5 10. e4 Be6 11. c3 Nh6 12. Be2 Bd6 13. Nc4 O-O 14. Bc1 Nf7 15. Be3
axb4 16. axb4 Ne7 17. O-O f5 18. Nxd6 cxd6 19. c4 b5 20. Ng5 f4 21. Nxe6 Qxe6
22. Rxa8 Rxa8 23. Bg4 Qh6 24. Bf2 bxc4 25. dxc4 Qg6 26. c5 Rd8 27. Qe2 dxc5 28.
Bxc5 Nc6 29. Bf5 Qf6 30. Qc4 Nd4 31. Bxd4 Rxd4 32. Qb3 Qb6 33. Kh1 Rxb4 34.
Bxh7+ Kf8 35. Qa3 Nd6 36. h3 Ke7 37. Qa8 Qb8 38. Qc6 Qc8 39. Qd5 Rb5 40. Qd2 Rc5
41. Rd1 Qc6 42. Qa2 Rc1 43. Rxc1 Qxc1+ 44. Kh2 Qc4 45. Qa8 Qb3 46. Qa5 Qb5 47.
Qc7+ Qd7 48. Qb8 Qd8 49. Qb3 Qa8 50. Qb4 Qa7 51. Qe1 Kf7 52. Qh4 Qe3 1/2-1/2

[Event "40th ECC Open 2025"]
[Site "Rhodes GRE"]
[Date "2025.10.19"]
[Round "1.4"]
[White "Murzin, Volodar"]
[Black "Brookes, Christopher"]
[Result "1-0"]
[WhiteTitle "GM"]
[BlackTitle "CM"]
[WhiteElo "2664"]
[BlackElo "2202"]
[WhiteTeam "BayeganPendik chess sports"]
[BlackTeam "HWP Haarlem"]
[WhiteFideId "44155573"]
[BlackFideId "4669355"]
[EventDate "2025.10.19"]
[EventType "team"]

1. e4 c5 2. Nf3 Nc6 3. Bb5 g6 4. Bxc6 dxc6 5. d3 Bg7 6. a4 Nf6 7. a5 Bg4 8. Nbd2
O-O 9. h3 Bxf3 10. Nxf3 Nd7 11. O-O e5 12. Bg5 f6 13. Be3 Qe7 14. Qe1 f5 15. Bd2
f4 16. b4 Rfd8 17. bxc5 Nf8 18. a6 bxa6 19. Rxa6 Qxc5 20. Qb1 h6 21. Bb4 Qb5 22.
Qa2+ Kh7 23. Bxf8 Rxf8 24. Rb1 Qc5 25. Rb7 Rfb8 26. Ra5 Qd6 27. Rbxa7 Rxa7 28.
Rxa7 Rf8 29. Rb7 Rb8 30. Ra7 Rf8 31. Qa5 Rc8 32. Qxe5 1-0

[Event "40th ECC Open 2025"]
[Site "Rhodes GRE"]
[Date "2025.10.19"]
[Round "1.5"]
[White "Boelhouwer, Collin"]
[Black "Yilmaz, Mustafa"]
[Result "0-1"]
[BlackTitle "GM"]
[WhiteElo "2167"]
[BlackElo "2591"]
[WhiteTeam "HWP Haarlem"]
[BlackTeam "BayeganPendik chess sports"]
[WhiteFideId "1013300"]
[BlackFideId "6302718"]
[EventDate "2025.10.19"]
[EventType "team"]

1. e4 c5 2. Nf3 d6 3. Bb5+ Nd7 4. c3 Nf6 5. Qe2 a6 6. Ba4 b5 7. Bc2 e6 8. d4 Be7
9. O-O Bb7 10. Nbd2 Qc7 11. Bd3 O-O 12. Re1 Rfe8 13. a3 Rac8 14. Nf1 cxd4 15.
cxd4 e5 16. d5 Nh5 17. g3 f5 18. Bg5 Nhf6 19. Rac1 Qb8 20. Rxc8 Qxc8 21. Rc1 Qa8
22. N1d2 fxe4 23. Nxe4 Bxd5 24. Nfd2 Nxe4 25. Nxe4 Bxg5 26. Nxg5 Nf6 27. Rc7 e4
28. Bb1 h6 29. Nh3 Bc4 30. Qd2 Nd5 31. Rd7 Qc8 0-1

[Event "40th ECC Open 2025"]
[Site "Rhodes GRE"]
[Date "2025.10.19"]
[Round "1.6"]
[White "Can, Emre"]
[Black "Mazajchik, Tim"]
[Result "1/2-1/2"]
[WhiteTitle "GM"]
[WhiteElo "2552"]
[BlackElo "2139"]
[WhiteTeam "BayeganPendik chess sports"]
[BlackTeam "HWP Haarlem"]
[WhiteFideId "6302181"]
[BlackFideId "1011901"]
[EventDate "2025.10.19"]
[EventType "team"]

1. e4 c6 2. d4 d5 3. e5 c5 4. Nf3 cxd4 5. Qxd4 Nc6 6. Qf4 e6 7. Bd3 Nb4 8. Nc3
Nxd3+ 9. cxd3 Ne7 10. Bd2 Ng6 11. Qg3 Be7 12. h4 h5 13. Bg5 Qb6 14. O-O Bxg5 15.
Qxg5 Bd7 16. Ne2 Qxb2 17. Nf4 Nxf4 18. Qxf4 Qa3 19. Qg5 Qxd3 20. Qxg7 Qh7 21.
Qg3 Rg8 22. Ng5 Qf5 23. Rab1 Bc6 24. Rb4 O-O-O 25. Qe3 d4 26. Rxd4 Rxd4 27. Qxd4
Rd8 28. Qe3 Rd3 29. Qc5 Qg4 30. f3 Qxh4 31. Nxf7 Qd4+ 32. Qxd4 Rxd4 33. Rf2 Kd7
34. Kh2 Bd5 35. Kh3 Ra4 36. g4 hxg4+ 37. fxg4 Rxa2 38. Rf6 b5 39. g5 Be4 40. Nd6
Bd3 41. g6 Bxg6 42. Rxg6 b4 43. Kg3 b3 44. Rg7+ Kc6 45. Rb7 b2 46. Rb8 Kc5 47.
Kf4 a5 48. Ke3 a4 49. Kd3 a3 50. Nc4 Ra1 51. Nxb2 axb2 52. Rxb2 Re1 53. Re2 Rxe2
54. Kxe2 Kd4 55. Kd2 Kxe5 56. Ke3 1/2-1/2

[Event "40th ECC Open 2025"]
[Site "Rhodes GRE"]
[Date "2025.10.19"]
[Round "1.7"]
[White "Erigaisi, Arjun"]
[Black "Saraci, Nderim"]
[Result "1/2-1/2"]
[WhiteTitle "GM"]
[BlackTitle "IM"]
[WhiteElo "2773"]
[BlackElo "2445"]
[WhiteTeam "Alkaloid"]
[BlackTeam "Dardania"]
[WhiteFideId "35009192"]
[BlackFideId "6351921"]
[EventDate "2025.10.19"]
[EventType "team"]

1. e4 e5 2. Nf3 Nf6 3. Nxe5 d6 4. Nc4 Nxe4 5. Qe2 Qe7 6. Ne3 Nf6 7. d4 g6 8. g3
Bg7 9. Bg2 O-O 10. O-O d5 11. b3 Re8 12. Ba3 Qd8 13. Nd2 Nc6 14. c3 Ne7 15. Nf3
c6 16. Ne5 Nf5 17. Rad1 Be6 18. Bc1 Nxe3 19. Bxe3 Qc8 20. f3 Bh3 21. Qd2 Bxg2
22. Kxg2 Nd7 23. Nd3 a5 24. g4 a4 25. Rf2 axb3 26. axb3 Ra3 27. Qb2 Ra7 28. Re2
b6 29. Rde1 Nf8 30. Bf2 Rxe2 31. Qxe2 Ne6 32. f4 Ra8 33. Qf3 Ra2 34. h4 Nf8 35.
f5 gxf5 36. gxf5 Nd7 37. Nf4 Nf6 38. Nh5 Nxh5 39. Qxh5 Qf8 40. Qf3 Bf6 41. Kh3
h6 42. Be3 Kh7 43. Rg1 Rc2 44. Bf4 Qe8 45. Qg3 Qc8 46. Qd3 Rf2 47. Bxh6 Qb8 48.
Qg3 Qxg3+ 49. Kxg3 Bxh4+ 50. Kxh4 Kxh6 51. Kg4 1/2-1/2

[Event "40th ECC Open 2025"]
[Site "Rhodes GRE"]
[Date "2025.10.19"]
[Round "1.8"]
[White "Boci, Mateu"]
[Black "Wei, Yi"]
[Result "0-1"]
[WhiteTitle "FM"]
[BlackTitle "GM"]
[WhiteElo "2186"]
[BlackElo "2754"]
[WhiteTeam "Dardania"]
[BlackTeam "Alkaloid"]
[WhiteFideId "4704665"]
[BlackFideId "8603405"]
[EventDate "2025.10.19"]
[EventType "team"]

1. e4 c5 2. Nf3 d6 3. d4 cxd4 4. Nxd4 Nf6 5. Nc3 a6 6. Be2 e5 7. Nb3 Be7 8. Be3
Be6 9. Nd5 Nbd7 10. Qd3 Bxd5 11. exd5 Rc8 12. c4 O-O 13. O-O a5 14. Rae1 g6 15.
f4 exf4 16. Bxf4 Ne5 17. Bxe5 dxe5 18. Kh1 b6 19. Nd2 Ne8 20. g4 Nd6 21. b3 Bh4
22. Rd1 f5 23. gxf5 gxf5 24. Qh3 e4 25. a3 Kh8 26. Qe3 Bg5 27. Qc3+ Bf6 28. Qg3
Qe7 29. Qh3 e3 30. Nf3 Ne4 31. Qxf5 Nf2+ 32. Rxf2 exf2 33. Bd3 Rc7 34. a4 Qe3
35. d6 Rg7 36. Qe4 Bd4 37. Qxe3 Bxe3 38. d7 Rxd7 39. Kg2 Rg7+ 0-1

[Event "40th ECC Open 2025"]
[Site "Rhodes GRE"]
[Date "2025.10.19"]
[Round "1.9"]
[White "Yu, Yangyi"]
[Black "Saraci, Korab"]
[Result "1-0"]
[WhiteTitle "GM"]
[BlackTitle "CM"]
[WhiteElo "2720"]
[BlackElo "2197"]
[WhiteTeam "Alkaloid"]
[BlackTeam "Dardania"]
[WhiteFideId "8603820"]
[BlackFideId "4701968"]
[EventDate "2025.10.19"]
[EventType "team"]

1. c4 Nf6 2. Nc3 e5 3. Nf3 Nc6 4. d3 d5 5. cxd5 Nxd5 6. e4 Nb6 7. Be2 Be7 8. O-O
O-O 9. a4 Be6 10. Be3 Bf6 11. a5 Nc8 12. Qa4 Qd7 13. Rfc1 a6 14. Nd2 b5 15. axb6
Nxb6 16. Qd1 Nd4 17. Bf1 a5 18. Na4 Nxa4 19. Qxa4 Qxa4 20. Rxa4 Rfb8 21. Nc4
Bxc4 22. Rcxc4 Rxb2 23. Rxc7 Ne6 24. Rd7 h6 25. Rd5 Rc8 26. Rdxa5 Rcc2 27. Rc4
Nd4 28. Bxd4 exd4 29. Rxc2 Rxc2 30. Ra8+ Kh7 31. Rf8 Kg6 32. g3 Bg5 33. h4 Bd2
34. e5 h5 35. Bg2 Kf5 36. Rxf7+ Ke6 37. Rxg7 Be1 38. Bh3+ 1-0

[Event "40th ECC Open 2025"]
[Site "Rhodes GRE"]
[Date "2025.10.19"]
[Round "1.10"]
[White "Jashari, Ardian"]
[Black "Aravindh, Chithambaram VR."]
[Result "0-1"]
[WhiteTitle "FM"]
[BlackTitle "GM"]
[WhiteElo "2166"]
[BlackElo "2711"]
[WhiteTeam "Dardania"]
[BlackTeam "Alkaloid"]
[WhiteFideId "955388"]
[BlackFideId "5072786"]
[EventDate "2025.10.19"]
[EventType "team"]

1. e4 c5 2. Nf3 d6 3. d4 cxd4 4. Nxd4 Nf6 5. Nc3 Nc6 6. Bg5 e6 7. Bb5 Bd7 8. O-O
Be7 9. Bxc6 bxc6 10. e5 dxe5 11. Nf3 Qc7 12. Re1 O-O 13. Nxe5 Rad8 14. Qf3 Be8
15. Rad1 Nd5 16. Bxe7 Qxe7 17. Ne4 f6 18. Nd3 e5 19. c4 Nc7 20. Nec5 Rd4 21. b3
Bg6 22. Na4 Ne6 23. Ndb2 e4 24. Qc3 c5 25. a3 Rb8 26. b4 cxb4 27. axb4 Qxb4 28.
Rxd4 Qxc3 29. Nxc3 Nxd4 30. Nba4 Rb4 31. h3 a5 32. c5 Rc4 33. Re3 Be8 0-1

[Event "40th ECC Open 2025"]
[Site "Rhodes GRE"]
[Date "2025.10.19"]
[Round "1.11"]
[White "Puranik, Abhimanyu"]
[Black "Budima, Armend"]
[Result "1-0"]
[WhiteTitle "GM"]
[BlackTitle "CM"]
[WhiteElo "2615"]
[BlackElo "2169"]
[WhiteTeam "Alkaloid"]
[BlackTeam "Dardania"]
[WhiteFideId "5061245"]
[BlackFideId "3612236"]
[EventDate "2025.10.19"]
[EventType "team"]

1. e4 c5 2. Nf3 d6 3. d4 cxd4 4. Nxd4 Nf6 5. Nc3 a6 6. h3 e6 7. g4 h6 8. a3 Be7
9. Be3 Nc6 10. Qd2 Qc7 11. O-O-O g5 12. Kb1 Bd7 13. Be2 Ne5 14. f4 gxf4 15. Bxf4
Bc6 16. Qe3 h5 17. g5 Nfd7 18. h4 Ng6 19. Bg3 Nde5 20. Rhf1 Rh7 21. Nf5 Bf8 22.
Nh6 O-O-O 23. Bxh5 Bxh6 24. gxh6 Nc4 25. Qd4 Nge5 26. Be2 Be8 27. Bf4 b5 28. Rg1
Ng6 29. Bg5 Rd7 30. Bxc4 bxc4 31. Qg7 Rh8 32. Bf6 1-0

[Event "40th ECC Open 2025"]
[Site "Rhodes GRE"]
[Date "2025.10.19"]
[Round "1.12"]
[White "Krasniqi, Alban"]
[Black "Lazov, Toni"]
[Result "0-1"]
[BlackTitle "IM"]
[WhiteElo "2131"]
[BlackElo "2382"]
[WhiteTeam "Dardania"]
[BlackTeam "Alkaloid"]
[WhiteFideId "22101381"]
[BlackFideId "15000770"]
[EventDate "2025.10.19"]
[EventType "team"]

1. d4 g6 2. e4 Bg7 3. Nc3 c6 4. Be3 d5 5. exd5 cxd5 6. Qd2 Nc6 7. Bb5 Nf6 8. Bh6
O-O 9. Bxg7 Kxg7 10. f3 h5 11. Nge2 Qd6 12. Qg5 a6 13. Bxc6 bxc6 14. O-O-O Rb8
15. Nf4 Qb4 16. Qe5 Qxb2+ 17. Kd2 Bf5 18. Rc1 Qb4 19. g4 hxg4 20. fxg4 Bxg4 21.
Rhg1 Kh7 22. Rce1 c5 23. Qxe7 Qxd4+ 24. Nd3 c4 25. Qc5 Qxc5 26. Nxc5 Bf5 27.
Nxa6 Rb2 28. Rc1 d4 29. Ne2 Ne4+ 30. Kd1 d3 31. Nd4 d2 32. Ra1 Rd8 33. Ke2 Rxd4
34. Ke3 Rd7 0-1

[Event "40th ECC Open 2025"]
[Site "Rhodes GRE"]
[Date "2025.10.19"]
[Round "1.13"]
[White "Ghazarian, Kirk"]
[Black "Vidit, Santosh Gujrathi"]
[Result "0-1"]
[WhiteTitle "GM"]
[BlackTitle "GM"]
[WhiteElo "2513"]
[BlackElo "2716"]
[WhiteTeam "Baerum Schakselskap"]
[BlackTeam "Novy Bor"]
[WhiteFideId "30908604"]
[BlackFideId "5029465"]
[EventDate "2025.10.19"]
[EventType "team"]

1. d4 Nf6 2. c4 e6 3. Nf3 b6 4. g3 Ba6 5. Qa4 Bb7 6. Bg2 g6 7. Nc3 Ne4 8. Nxe4
Bxe4 9. Bg5 Be7 10. Bxe7 Qxe7 11. O-O O-O 12. Rac1 a5 13. Ne5 Bxg2 14. Kxg2 d6
15. Nf3 Nd7 16. Qc6 Rac8 17. e4 e5 18. dxe5 dxe5 19. Rfd1 Nc5 20. Ne1 Rcd8 21.
h4 Rd4 22. Rxd4 exd4 23. Nf3 Rd8 24. Rd1 Rd6 25. Qa8+ Rd8 26. Qc6 d3 27. e5 h5
28. b3 Kg7 29. Rd2 Rd7 30. Rd1 f6 31. exf6+ Qxf6 32. Qxf6+ Kxf6 33. Kf1 Ne4 34.
Ke1 Kf5 35. a3 Rd8 36. Nd2 Re8 37. Kf1 Nxd2+ 38. Rxd2 Ke4 0-1

[Event "40th ECC Open 2025"]
[Site "Rhodes GRE"]
[Date "2025.10.19"]
[Round "1.14"]
[White "Harikrishna, Pentala"]
[Black "Elmi, Saad Abobaker"]
[Result "1-0"]
[WhiteTitle "GM"]
[BlackTitle "IM"]
[WhiteElo "2697"]
[BlackElo "2415"]
[WhiteTeam "Novy Bor"]
[BlackTeam "Baerum Schakselskap"]
[WhiteFideId "5007003"]
[BlackFideId "1553259"]
[EventDate "2025.10.19"]
[EventType "team"]

1. e4 c5 2. Nf3 Nc6 3. Bb5 d6 4. O-O Bd7 5. Re1 a6 6. Bxc6 Bxc6 7. d4 cxd4 8.
Nxd4 Rc8 9. Nc3 e6 10. Bf4 Nf6 11. Qd3 Be7 12. Rad1 O-O 13. Nb3 b5 14. a3 d5 15.
Qh3 b4 16. axb4 Bxb4 17. Be5 Bxc3 18. Bxc3 Qe7 19. Bxf6 Qxf6 20. e5 Qg5 21. Nd4
Ba4 22. b3 Bb5 23. Qe3 Qg6 24. Qd2 Rc5 25. Re3 Qg5 26. Qe1 Rfc8 27. h3 h6 28. c3
Qe7 29. b4 Rc4 30. Ra1 Qc7 31. Ra3 Be8 32. Kh2 a5 33. Rxa5 Rxc3 34. Rxc3 Qxc3
35. Qxc3 Rxc3 36. Ra8 Rc4 37. Rxe8+ Kh7 38. Nb5 1-0

[Event "40th ECC Open 2025"]
[Site "Rhodes GRE"]
[Date "2025.10.19"]
[Round "1.15"]
[White "Evenshaug, Amadeus Hestvik"]
[Black "Navara, David"]
[Result "0-1"]
[WhiteTitle "CM"]
[BlackTitle "GM"]
[WhiteElo "2244"]
[BlackElo "2656"]
[WhiteTeam "Baerum Schakselskap"]
[BlackTeam "Novy Bor"]
[WhiteFideId "1534874"]
[BlackFideId "309095"]
[EventDate "2025.10.19"]
[EventType "team"]

1. d4 Nf6 2. Nf3 d5 3. c4 e6 4. g3 dxc4 5. Bg2 a6 6. O-O Nc6 7. e3 Bd7 8. Qe2
Bd6 9. Qxc4 O-O 10. Nc3 Rb8 11. Qe2 b5 12. b3 e5 13. dxe5 Nxe5 14. Rd1 Qe7 15.
Nxe5 Bxe5 16. Bb2 Bg4 17. Bf3 Bxf3 18. Qxf3 Rfd8 19. Qc6 Rb6 20. Rxd8+ Qxd8 21.
Qc5 Qe8 22. Rd1 Rc6 23. Qb4 h5 24. Ba1 h4 25. a4 h3 26. axb5 axb5 27. Ne2 Qa8
28. Bxe5 Rc1 0-1

[Event "40th ECC Open 2025"]
[Site "Rhodes GRE"]
[Date "2025.10.19"]
[Round "1.16"]
[White "Grandelius, Nils"]
[Black "Mihajlov, Svetoslav"]
[Result "1-0"]
[WhiteTitle "GM"]
[BlackTitle "CM"]
[WhiteElo "2645"]
[BlackElo "2119"]
[WhiteTeam "Novy Bor"]
[BlackTeam "Baerum Schakselskap"]
[WhiteFideId "1710400"]
[BlackFideId "1507168"]
[EventDate "2025.10.19"]
[EventType "team"]

1. Nf3 Nf6 2. b3 g6 3. Bb2 Bg7 4. g3 b6 5. Bg2 Bb7 6. O-O O-O 7. c4 c5 8. d4
cxd4 9. Qxd4 Nh5 10. Qd2 Bxb2 11. Qxb2 Na6 12. Nc3 Nc5 13. Rfd1 Nf6 14. Nd5 Nxd5
15. cxd5 d6 16. Nd4 Qd7 17. Rac1 b5 18. Qd2 a5 19. Nc6 Bxc6 20. dxc6 Qf5 21. c7
Ra7 22. Rxc5 Qxc5 23. Rc1 Qf5 24. Qe3 Raa8 25. Bxa8 Rxa8 26. Qxe7 Kg7 27. Qxd6 1-0

[Event "40th ECC Open 2025"]
[Site "Rhodes GRE"]
[Date "2025.10.19"]
[Round "1.17"]
[White "Skagseth, Havard M"]
[Black "Anton Guijarro, David"]
[Result "0-1"]
[BlackTitle "GM"]
[WhiteElo "2029"]
[BlackElo "2631"]
[WhiteTeam "Baerum Schakselskap"]
[BlackTeam "Novy Bor"]
[WhiteFideId "1511572"]
[BlackFideId "2285525"]
[EventDate "2025.10.19"]
[EventType "team"]

1. e4 c6 2. Nc3 d5 3. Nf3 Bg4 4. h3 Bxf3 5. Qxf3 e6 6. d3 Nd7 7. Be2 Bc5 8. O-O
Ne7 9. Qg3 O-O 10. Bf4 Ng6 11. Bd6 Re8 12. Bxc5 Nxc5 13. Bh5 Qb6 14. Rab1 Rad8
15. Rfe1 Nd7 16. Bxg6 hxg6 17. Qf4 Qc5 18. Qd2 Nb6 19. a3 Qe7 20. Qf4 g5 21. Qf3
d4 22. Ne2 c5 23. b3 Nd7 24. a4 Nb8 25. Qh5 e5 26. g3 Rd6 27. Kh2 Rh6 28. Qg4
Nd7 29. Rg1 g6 30. Rbf1 Kg7 31. Kg2 Reh8 32. Rh1 Rh5 33. Qf3 Nf6 34. Rb1 Rxh3
35. Rxh3 g4 36. Qxf6+ Qxf6 37. Rxh8 Kxh8 38. Kf1 Qg5 39. Ke1 Qh6 40. Ng1 f5 41.
exf5 gxf5 42. Rd1 f4 43. gxf4 exf4 44. Ne2 Kg7 0-1

[Event "40th ECC Open 2025"]
[Site "Rhodes GRE"]
[Date "2025.10.19"]
[Round "1.18"]
[White "Bjerre, Jonas Buhl"]
[Black "Hestvik, Elias"]
[Result "1-0"]
[WhiteTitle "GM"]
[WhiteElo "2629"]
[BlackElo "1957"]
[WhiteTeam "Novy Bor"]
[BlackTeam "Baerum Schakselskap"]
[WhiteFideId "1444948"]
[BlackFideId "1534904"]
[EventDate "2025.10.19"]
[EventType "team"]

1. e4 c6 2. d4 d5 3. Nc3 dxe4 4. Nxe4 Nf6 5. Nxf6+ exf6 6. Be3 Bd6 7. Bd3 O-O 8.
Ne2 Re8 9. O-O Bg4 10. h3 Bh5 11. c4 Nd7 12. Qc2 Bg6 13. Rfd1 Rc8 14. Qb3 b6 15.
c5 Bxd3 16. Qxd3 Bb8 17. b4 Nf8 18. a4 Ng6 19. b5 Qc7 20. g3 h5 21. d5 cxd5 22.
cxb6 axb6 23. Qxd5 h4 24. Rac1 Qe7 25. Rxc8 Rxc8 26. Qd7 Qxd7 27. Rxd7 Bc7 28.
gxh4 Nxh4 29. Nd4 Kf8 30. Nc6 Nf3+ 31. Kg2 Ne5 32. Rd4 Nxc6 33. bxc6 Ke7 34. Kf3
Ke6 35. Rb4 Kd5 36. Bxb6 Bd6 37. Rb3 Rxc6 38. a5 Bc5 39. Rb5 f5 40. Kf4 g6 41.
Rxc5+ 1-0

[Event "40th ECC Open 2025"]
[Site "Rhodes GRE"]
[Date "2025.10.19"]
[Round "1.19"]
[White "Van Foreest, Jorden"]
[Black "Urkedal, Frode Olav Olsen"]
[Result "1-0"]
[WhiteTitle "GM"]
[BlackTitle "GM"]
[WhiteElo "2697"]
[BlackElo "2561"]
[WhiteTeam "SuperChess"]
[BlackTeam "SK 1911"]
[WhiteFideId "1039784"]
[BlackFideId "1506102"]
[EventDate "2025.10.19"]
[EventType "team"]

1. e4 e5 2. Nf3 Nc6 3. Bb5 a6 4. Ba4 Nf6 5. O-O Be7 6. Re1 b5 7. Bb3 O-O 8. a4
Bb7 9. d3 d6 10. h3 Nb8 11. Nc3 c6 12. axb5 axb5 13. Rxa8 Bxa8 14. Ne2 Nbd7 15.
Ng3 Nc5 16. Ba2 Qa5 17. Nf5 Re8 18. b4 Qxa2 19. bxc5 dxc5 20. Nxe7+ Rxe7 21. Be3
Re8 22. Bxc5 Nd7 23. Be3 Bb7 24. Nh4 Nf8 25. Qd2 Qb2 26. Nf5 Bc8 27. g4 Bxf5 28.
gxf5 Ra8 29. Qe2 Ra1 30. Rxa1 Qxa1+ 31. Kg2 Nd7 32. Qg4 Nf6 33. Qg3 Kf8 34. Bc5+
Kg8 35. Bd6 Nd7 36. f6 g6 37. Qg5 Qa8 38. Be7 Kh8 39. Qh6 Qg8 40. h4 g5 41. h5
c5 42. Kg3 1-0

[Event "40th ECC Open 2025"]
[Site "Rhodes GRE"]
[Date "2025.10.19"]
[Round "1.20"]
[White "Risting, Eivind Olav"]
[Black "Maghsoodloo, Parham"]
[Result "0-1"]
[WhiteTitle "FM"]
[BlackTitle "GM"]
[WhiteElo "2265"]
[BlackElo "2697"]
[WhiteTeam "SK 1911"]
[BlackTeam "SuperChess"]
[WhiteFideId "1517333"]
[BlackFideId "12539929"]
[EventDate "2025.10.19"]
[EventType "team"]

1. d4 d5 2. c4 e6 3. Nc3 c6 4. e3 Nd7 5. Bd3 dxc4 6. Bxc4 b5 7. Bd3 a6 8. Nf3
Ngf6 9. e4 c5 10. e5 cxd4 11. Nxb5 axb5 12. exf6 gxf6 13. Nxd4 Bb7 14. O-O b4
15. Re1 Qb6 16. Be3 Bc5 17. Nb3 Rg8 18. Bf1 Bxe3 19. Rxe3 Ne5 20. Rg3 Rxg3 21.
hxg3 Bd5 22. Nd4 Bxa2 23. Nb5 b3 24. Qd2 Kf8 25. Qh6+ Ke7 26. Rc1 Qxf2+ 27. Kxf2
Ng4+ 28. Kf3 Nxh6 29. Rc7+ Kf8 30. g4 Bb1 31. Na3 Bg6 32. Rc3 Rxa3 33. bxa3 b2 0-1

[Event "40th ECC Open 2025"]
[Site "Rhodes GRE"]
[Date "2025.10.19"]
[Round "1.21"]
[White "Sarana, Alexey"]
[Black "Kjolberg, Jens Hjorth"]
[Result "1-0"]
[WhiteTitle "GM"]
[BlackTitle "CM"]
[WhiteElo "2661"]
[BlackElo "2198"]
[WhiteTeam "SuperChess"]
[BlackTeam "SK 1911"]
[WhiteFideId "24133795"]
[BlackFideId "1508172"]
[EventDate "2025.10.19"]
[EventType "team"]

1. d4 d5 2. c4 c6 3. Nc3 Nf6 4. Nf3 e6 5. e3 Nbd7 6. Bd3 b6 7. O-O Bb7 8. e4
dxe4 9. Nxe4 Be7 10. Re1 O-O 11. Nxf6+ Nxf6 12. Ne5 c5 13. dxc5 Bxc5 14. Be3 Qe7
15. Qc2 Rad8 16. Rad1 Ba8 17. a3 Qb7 18. Bf1 Rxd1 19. Qxd1 Bxe3 20. Rxe3 Qc7 21.
b4 h6 22. f4 Rd8 23. Rd3 Rxd3 24. Qxd3 Kf8 25. Qd4 Ke7 26. Be2 Bb7 27. h4 g6 28.
Bd3 Ba8 29. c5 bxc5 30. bxc5 Bd5 31. Qb4 Kf8 32. c6+ Kg8 33. Qc5 h5 34. a4 Ng4
35. Bb5 a5 36. Qd4 Nh6 37. Nd7 Ng4 38. Qb6 Qxf4 39. Qb8+ Qxb8 40. Nxb8 Ne5 41.
c7 1-0

[Event "40th ECC Open 2025"]
[Site "Rhodes GRE"]
[Date "2025.10.19"]
[Round "1.22"]
[White "Dahl, Max"]
[Black "Deac, Bogdan-Daniel"]
[Result "0-1"]
[BlackTitle "GM"]
[WhiteElo "2159"]
[BlackElo "2655"]
[WhiteTeam "SK 1911"]
[BlackTeam "SuperChess"]
[WhiteFideId "1526626"]
[BlackFideId "1226380"]
[EventDate "2025.10.19"]
[EventType "team"]

1. d4 Nf6 2. Nf3 c5 3. e3 b6 4. c4 cxd4 5. exd4 g6 6. d5 Bg7 7. Nc3 O-O 8. Be2
Bb7 9. O-O e6 10. Bf4 Na6 11. Rc1 Nc5 12. b4 Nce4 13. Nxe4 Nxe4 14. Qb3 exd5 15.
cxd5 Re8 16. Be3 Rc8 17. Bc4 Qf6 18. Qa3 Ra8 19. Rfd1 Qd6 20. Qb3 Rac8 21. Bd4
Bxd4 22. Nxd4 Qf4 23. Qe3 Qxe3 24. fxe3 Nd6 25. Bb3 Rxe3 26. Rxc8+ Bxc8 27. Rc1
Re4 28. Nb5 Nxb5 29. Rxc8+ Kg7 30. Rd8 d6 31. Ba4 Rxb4 32. Bxb5 Rxb5 33. Rxd6
Ra5 34. Rd7 Rxa2 35. Rb7 Kf6 36. d6 h5 37. d7 Ke7 38. d8=Q+ Kxd8 39. Rxf7 b5 0-1